Statistiche per Partiti politici italiani - XIV Legislatura

Clicka qui per fare il quiz!

Statistiche generali

  • Questo quiz è stato fatto 5 volte
  • Il punteggio medio è 7 su 20

Statistiche sulle risposte

Seggi CameraSeggi SenatoCollocazionePartito politico% Corretto
02CentroDemocrazia Europea
100%
17982Centro-destraForza Italia
100%
9945DestraAlleanza Nazionale
80%
3017Centro-destraLega Nord
80%
10566Centro-sinistraDemocratici di Sinistra
60%
33CentroSüdtiroler Volkspartei
60%
5843Centro / Centro-sinistraLa Margherita
40%
4129Centro / Centro-destraCentro Cristiano Democratico-Cristiani Democratici Uniti
20%
83SinistraComunisti Italiani
20%
1715Centro / Centro-sinistraIl Girasole
20%
31Centro / Centro-destraNuovo PSI
20%
114SinistraRifondazione Comunista
20%
10Centro-destraRiformatori Sardi
20%
10AutonomismoUnion Autonomista Ladina
20%
01Estrema destraFiamma Tricolore
0%
01CentroItalia dei Valori
0%
01AutonomismoLega per l'Autonomia
0%
10AutonomismoNuova Sicilia
0%
11CentroPartito Repubblicano Italiano
0%
11CentroVallée d'Aoste - Autonomie Progrès Fédéralisme
0%

Distribuzione punteggi

Percentile per numero di risposta

Percentuale di utenti per punteggio

I tuoi punteggi nel tempo

Non hai fatto questo quiz